Normal view
MARC view
- Geometry.
Entry Topical Term
001 - CONTROL NUMBER
- control field: 37224
003 - CONTROL NUMBER IDENTIFIER
- control field: OSt
005 - DATE AND TIME OF LATEST TRANSACTION
- control field: 20190228200743.0
008 - FIXED-LENGTH DATA ELEMENTS
- fixed length control field: 190228|| aca||aabn | a|a d
040 ## - CATALOGING SOURCE
- Original cataloging agency: OSt
- Transcribing agency: OSt
150 ## - HEADING--TOPICAL TERM
- Topical term or geographic name entry element: Geometry.
670 ## - SOURCE DATA FOUND
- Source citation: Work cat.: (OSt): Peters, Michael H. 37223, On the shrinking volume of the hypersphere/, cJul 2012-Sept 2015.
